| 000 | 00494nam a2200229Ia 4500 | ||
|---|---|---|---|
| 008 | 210210b1926 xxu||||| |||| 00| 0 eng d | ||
| 041 | _aeng | ||
| 082 | _a535/29 | ||
| 100 | _aDUNOYER (L) | ||
| 245 | _aVacuum practice Tr by J H Smith | ||
| 260 |
_aLondon _bG Bell & Sons Ltd. _c1926 |
||
| 300 | _ax,228 | ||
| 650 | _aVacuum | ||
| 650 | _aTr | ||
| 650 | _aSmith | ||
| 650 | _apractice | ||
| 650 | _aJ | ||
| 650 | _aH | ||
| 650 | _aby | ||
| 690 | _aElectricity | ||
| 906 | _a008647 | ||
| 999 |
_c126517 _d126517 |
||